000 00803cam a2200229 a 4500
001 3259905
005 20250214193732.0
008 810505s1981 ohu b 000 0 eng
020 _a0821404482
020 _a0821406442 (pbk.)
041 1 _aengfre
050 0 0 _aB2430.M3764
_bM3213
082 0 0 _a194
_219
100 1 _aMadison, Gary Brent.
245 1 4 _aThe phenomenology of Merleau-Ponty :
_ba search for the limits of consciousness /
_cby Gary Brent Madison ; foreword by Paul Ricoeur ; translated from the French by the author.
260 _aAthens :
_bOhio University Press,
_cc1981.
300 _axxxii, 345 p. ;
_c24 cm.
440 0 _aSeries in Continental thought ;
_v3
500 _aTranslation of: La phénoménologie de Merleau-Ponty.
650 0 _aPhenomenology.
942 _2lcc
_cBK
_n0
999 _c3892
_d3892